[Event "CFO-chT"]
[Site "Elets"]
[Date "2008.12.17"]
[Round "1"]
[White "Bolgov, Alexander"]
[Black "Pogosian, Georgy"]
[Result "1-0"]
[WhiteElo "2097"]
[BlackElo "2204"]
[PlyCount "109"]
[EventDate "2008.12.17"]
[EventType "team-tourn"]
[EventRounds "7"]
[EventCountry "RUS"]
[SourceTitle "EXT 2011"]
[Source "ChessBase"]
[SourceDate "2010.11.26"]
[SourceVersion "1"]
[SourceVersionDate "2010.11.26"]
[SourceQuality "1"]

1. c4 Nf6 2. Nf3 e6 3. Nc3 d5 4. cxd5 exd5 5. d4 Bb4 6. Qb3 c5 7. dxc5 Nc6 8. Bg5 0-0 9. e3 Be6 10. Qc2 h6 11. Bh4 g5 12. Bg3 Ne4 13. Bd3 Qf6 14. Bxe4 dxe4 15. Nd2 Bxc3 16. bxc3 Nb4 17. Qxe4 Qxc3 18. 0-0 Qxd2 19. Rfd1 Qc3 20. Be5 Qxc5 21. Bd6 Qc4 22. Qxb7 Nxa2 23. Bxf8 Rxf8 24. Qxa7 Nc3 25. Re1 Rd8 26. Qa5 Rd2 27. Qe5 Rd8 28. Qf6 Rc8 29. Qxh6 Qg4 30. Ra5 Nd5 31. e4 Qxe4 32. Qxg5+ Qg6 33. Rxd5 Bxd5 34. Qxd5 Rb8 35. h3 Rb1 36. Rxb1 Qxb1+ 37. Kh2 Qc2 38. Qd4 Qa2 39. h4 Qa5 40. Qf6 Qb4 41. h5 Qb8+ 42. g3 Qf8 43. Qg5+ Kh7 44. Qf6 Qg8 45. Kh3 Qc8+ 46. g4 Qg8 47. f3 Qe8 48. h6 Qf8 49. g5 Qc8+ 50. Kh4 Qg8 51. f4 Qf8 52. Kh5 Kg8 53. f5 Kh7 54. g6+ fxg6+ 55. fxg6+ 1-0

[Event "Korolev-ch"]
[Site "Korolev"]
[Date "1999.??.??"]
[Round "2"]
[White "Bolgov, Alexander"]
[Black "Ageev, Alexey"]
[Result "1-0"]
[WhiteElo "2097"]
[BlackElo "2365"]
[PlyCount "69"]
[EventDate "1999.??.??"]
[EventType "swiss"]
[EventRounds "9"]
[EventCountry "RUS"]
[SourceTitle "EXT 2006"]
[Source "ChessBase"]
[SourceDate "2005.11.24"]
[SourceVersion "1"]
[SourceVersionDate "2005.11.24"]
[SourceQuality "1"]

1. e4 d6 2. d4 Nf6 3. Nc3 g6 4. f4 Bg7 5. Nf3 0-0 6. Bd3 Nc6 7. e5 dxe5 8. dxe5 Nd5 9. Nxd5 Qxd5 10. Qe2 Nd4 11. Nxd4 Qxd4 12. c3 Qd7 13. Be4 c6 14. Be3 b6 15. 0-0 a5 16. Bxb6 Ba6 17. c4 Qe6 18. b3 a4 19. Qf3 Rac8 20. Bc5 Rfe8 21. Rad1 f6 22. f5 Qxe5 23. Bd4 Qc7 24. fxg6 h6 25. Qh3 e5 26. Be3 axb3 27. axb3 Rcd8 28. Rxd8 Rxd8 29. Bxh6 Bc8 30. Qh4 Bxh6 31. Qxh6 f5 32. Qh7+ Qxh7 33. gxh7+ Kxh7 34. Bxf5+ Bxf5 35. Rxf5 1-0